zpět

Detail výsledku týmu

Music & Sport Bar 20, Chotěboř

Datum a čas kvízu

27.5 Celkem bodů Celkový počet nahraných bodů na tomto kvízu bez doplňovacích otázek.
3. Pořadí na kvízu Konečné umístění týmu na tomto kvízu.

Zaznamenané odpovědi

# Otázka Odpověď Body Výsledky
1. V sobotu oslavila v pražské zo... Mobi 0
2. Elon Musk si do nového roku zm... B) žabáka 0
3. Ve čtvrtek měl v českých kinec... Nosferatu 1
4. Ve čtvrtek byla v pražských Št... Lidl 1
5. V neděli byl oficiálně oznámen... SK Slavia Praha, Tottenham Hotspur FC 0.5
6. Z historie se zdá, že Američan... Dwight Eisenhower 1
7. Stanford Strickland je filmová... Návrat do budoucnosti 1
8. Napište jméno zobrazeného herc... Terry Crews 0
9. Při udílení Oscarů v roce 2022... Will Smith 1
10. Přiřaďte tyto lysé filmové hrd... 1B 2D 3C 4A 0